000 00581nam a2200217 a 4500
001 1640
005 20140414131848.0
008 010530s19uu xx 00 eng d
020 _a0-516-01404-8
050 _aM 303.3
_bB46 1987
100 _aBerry, Joy
245 _aEvery kid's guide to being a communicator /
_cby Joy Berry.
260 _aChicago :
_bChildren Press,
_c1987.
300 _a48 p. ; cm.
440 _aLiving skills
500 _aNote: last page (p.48) torn.
650 _aValues.
650 _aFamily life.
650 _aCommunication.
999 _c110043
_d110043